000 01171nac a22002531u 4500
010 _a 90037853
020 _a0521382572 (hardback)
082 0 0 _a338.10917
_bGRI
090 _c9490
_d9490
100 _aGill, Gerard J.
245 1 0 _aSeasonality and agriculture in the developing world : a problem of the poor and powerless /
_cGerard J. Gill.
260 _aCambridge [England] ;
_aNew York :
_bCambridge University Press,1991.
_cc1991.
300 _axvii, 343 p. :
_bill., maps ;
_c24 cm.
500 _aDistributer: Al-Ahram
504 _aIncludes bibliographical references (p. 301-315) and index.
511 _aCatalogued by: Sara
650 0 _aAgriculture
_xEconomic aspects
_zDeveloping countries.
650 0 _aCrops and climate
_xEconomic aspects
_zDeveloping countries.
650 0 _aRural poor
_zDeveloping countries.
856 4 2 _3Publisher description
_uhttp://www.loc.gov/catdir/description/cam024/90037853.html
856 4 2 _3Table of contents
_uhttp://www.loc.gov/catdir/toc/cam029/90037853.html
942 _cBB
_k338.10917GRI
999 _c9490
_d9490